One piece antagoniste par arc - Statistiques

Statistiques générales
  • Ce quiz a été pris 2 130 fois
    747 depuis la dernière actualisation
  • Le résultat moyen est 59 sur 119
Statistiques - réponses
Arc Antagoniste % Correct
Arlong Park Arlong
91%
Ville d'Orange Baggy
90%
Alabasta Crocodile
84%
Skypiea Ener
84%
Water Seven/Enies Lobby Rob Lucci
84%
Whole Cake Big Mom
83%
Thriller Bark Moria
82%
Dressrosa Doflamingo
81%
Village de Sirop Kuro
81%
Marine Ford | Sabaody Kizaru
80%
Loguetown Smocker
80%
Marine Ford Akainu
79%
Baratie Don Krieg
78%
Marine Ford Aokiji
77%
Davy Back Fight Foxy
77%
Wano Kuni Kaido
77%
Water Seven/Enies Lobby Kaku
77%
Whole Cake Katakuri
76%
Alabasta Bon Clay
75%
Thriller Bark/Sabaody Kuma
75%
Impel Down Magellan
75%
Punk hazard Cesar
74%
Little Garden Galdino
74%
Royaume de Drum Wapol
74%
Alabasta Daz Bones
72%
Alabasta Nico Robin
72%
Romance dawn Alvida
71%
Wano Kuni King
71%
Wano Kuni Queen
70%
Marine Ford Sengoku
69%
Baratie Mihawk
68%
Whiskey Peak Gem
67%
Water Seven/Enies Lobby Kalifa
67%
Loguetown Tashigi
67%
Jaya Bellamy
66%
Impel Down/Marine Ford Barbe noire
65%
Alabasta Babe
63%
Ile des hommes poissons Ody Jones
63%
Romance dawn Colonel morgan
62%
Thriller Bark Perona
62%
Wano Kuni Jack
60%
Water Seven Franky
59%
Dressrosa Pica
59%
Water Seven/Enies Lobby Blueno
58%
Whole Cake Cracker
58%
Whole Cake Smoothie
57%
Enies Lobby Spandam
57%
Thriller Bark Absalom
56%
Thriller Bark Oz
56%
Baratie Gin
55%
Dressrosa Trébol
55%
Punk hazard Monet
54%
Dressrosa Diamante
53%
Punk hazard Vergo
53%
Village de Sirop Jango
52%
Romance dawn Hermep
50%
Wano Kuni Ulti
49%
Whiskey Peak Vivi
49%
Whole Cake Perospero
48%
Egg Head Saint Jaygarcia
48%
Sabaody Sentomaru
48%
Enies Lobby Jabura
46%
Wano Kuni Black Maria
45%
Wano Kuni Who's-Who
45%
Arlong Park Octo
44%
Whole Cake Oven
44%
Whole Cake Brûlée
43%
Little Garden Miss Golden Week
43%
Wano Kuni Page One
43%
Thriller Bark Hogback
42%
Whiskey Peak Miss Valentine
42%
Dressrosa Sugar
41%
Ville d'Orange Carnage
40%
Alabasta Miss Merry Christmas
39%
Wano Kuni Orochi
39%
Ile des hommes poissons Vander Decken IX
39%
Dressrosa Fujitora
38%
Thriller Bark Ryuma
38%
Wano Kuni X Drake
38%
Impel Down Hannyabal
37%
Sabaody Pacifista
37%
Alabasta Miss Doublefingers
36%
Ville d'Orange Morge
34%
Wano Kuni Hawkins
33%
Whole Cake Judge Vinsmoke
33%
Wano Kuni Sasaki
33%
Ville d'Orange Richie
32%
Egg Head Saint Marcus
31%
Wano Kuni Apoo
29%
Whole Cake Daifuku
29%
Whole Cake Niji
29%
Whole Cake Ichiji
28%
Whiskey Peak Igaram
28%
Whole Cake Yonji
28%
Whole Cake Pekoms
27%
Whole Cake Capone Bege
26%
Enies Lobby Fukuro
25%
Impel Down Sady
25%
Skypiea Satori
24%
Dressrosa Burgess
23%
Wano Kuni Kanjuro
23%
Skypiea Ohm
23%
Skypiea Gedatsu
22%
Enies Lobby Kumadori
22%
Impel Down Shilliew
22%
Egg Head Saint Sheperd Ju
20%
Whole Cake Tamago
19%
Thriller Bark Cindry
18%
Egg Head Saint Topman
18%
Egg Head Saint Ethanbaron v
16%
Skypiea Shura
16%
Ile des hommes poissons Caribou
15%
Egg Head S-Hawk
15%
Egg Head S-Snake
15%
Egg Head S-Bear
14%
Egg Head S-Shark
13%
Egg Head York
13%
Wano Kuni Ryukogyu
9%
Aucun quiz correspondant
Distribution des résultats
% des personnes avec chaque résultat
Percentile par nombre de réponses
Votre historique - résultats
Vous n’avez pas pris ce quiz depuis la dernière actualisation